000 00706nam a2200205 i 4500
001 113502
003 ES-MaACL
005 20250815004210.0
007 t|
008 061121s1963 sp r ||||1| spa d
100 1 _aPabón y Suárez de Urbina, Jesús,
_d1902-1976
_988103
245 1 0 _aDías de ayer
_b: historias e historiadores contemporáneos /
_cJesús Pabón y S. de Urbina.
260 _aBarcelona :
_bAlpha,
_c1963.
300 _a484 p. 51 láms. ;
_c25 cm.
650 7 _aHistoria contemporánea
_2embne
_913393
651 7 _aEspaña-
_xHistoria-
_yS.XIX
_2
_9142005
651 4 _aEspaña-
_xHistoria-
_yS.XX.
_9138832
852 _aES-MaACL
_jC-23068
_bR.51914
999 _c113502
_d113502